000 00566nam a2200181Ia 4500
003 GCL
008 140319s9999 xx 000 0 ara d
040 _aGCL /
_cGCL
082 0 4 _a649
_bح ص
100 1 _aحنان عبدالحميد العنانى
245 1 0 _aالصحة النفسية للطفل /
_cحنان عبدالحميد العنانى
300 _a214 ص
490 _aكتاب
_v0
650 0 4 _aالاطفال - الامراض
650 0 4 _aالاطفال - العناية الصحية
650 0 4 _aالاطفال - رعاية
942 _2ddc
_cBK
999 _c41621
_d41621